| 000 | 00800nab a2200241 u 4500 | ||
|---|---|---|---|
| 001 | 09011 | ||
| 003 | HDC | ||
| 007 | cr bn ---aaaaa | ||
| 008 | 210131c2013 my dr|nes 0 a may d | ||
| 040 | _aHDC | ||
| 100 |
_aFairus Kassim _eauthor _99430 |
||
| 245 | 0 |
_aSME Bank Lancar BFF / oleh _cFairus Kassim |
|
| 260 |
_aKuala Lumpur : _bUtusan Melayu (M) Bhd., _c2013 |
||
| 336 |
_atext _2rdacontent |
||
| 337 |
_acomputer _2rdamedia |
||
| 338 |
_aonline resource _2rdacarrier |
||
| 650 |
_abumiputera financing fund _99431 |
||
| 650 |
_aSME bank _zMalaysia _98445 |
||
| 856 | _zRequest full-text at [email protected] | ||
| 942 | _2lcc | ||
| 942 | _cNEWS | ||
| 942 | _kNWSC 002433 | ||
| 999 |
_c6334 _d6334 |
||